000 00494cam a2200205 4500
001 B1867
008 090401t1988 xxu||||| |||| 00| 0 eng d
035 _a(Sirsi) u46833
041 _aeng
050 _a333.33
110 _aChesterton
_92357
245 4 _aThe Glasgow and Edinburgh office and retail review 1987/88
260 _aLondon
_bChesterton
_c1988
300 _a18p. : ill. ; 30cm.
350 _a0
650 _aOFFICES
650 _aSHOPS
942 _n0
948 _c04/03/1997
999 _c92017
_d92017